<?xml version="1.0" encoding="UTF-8"?>
<record
    xmlns:xsi="http://www.w3.org/2001/XMLSchema-instance"
    xsi:schemaLocation="http://www.loc.gov/MARC21/slim http://www.loc.gov/standards/marcxml/schema/MARC21slim.xsd"
    xmlns="http://www.loc.gov/MARC21/slim">

  <leader>02819nam a2200433Ia 4500</leader>
  <controlfield tag="001">303</controlfield>
  <controlfield tag="003">OSt</controlfield>
  <controlfield tag="005">20250326090742.0</controlfield>
  <controlfield tag="008">210713b           ||||e |||| 00| e por d</controlfield>
  <datafield tag="040" ind1=" " ind2=" ">
    <subfield code="b">por</subfield>
  </datafield>
  <datafield tag="041" ind1=" " ind2=" ">
    <subfield code="a">por</subfield>
    <subfield code="h">ger</subfield>
  </datafield>
  <datafield tag="041" ind1=" " ind2=" ">
    <subfield code="a">por</subfield>
    <subfield code="h">lat</subfield>
  </datafield>
  <datafield tag="082" ind1="1" ind2=" ">
    <subfield code="a">320.531</subfield>
    <subfield code="b">M392c</subfield>
  </datafield>
  <datafield tag="082" ind1="1" ind2=" ">
    <subfield code="a">144</subfield>
    <subfield code="b">R843e</subfield>
  </datafield>
  <datafield tag="100" ind1="1" ind2=" ">
    <subfield code="a">Marx, Karl,</subfield>
    <subfield code="d">1818-1883</subfield>
    <subfield code="9">589</subfield>
  </datafield>
  <datafield tag="100" ind1=" " ind2=" ">
    <subfield code="a">Roterd&#xE3;, Erasmo de</subfield>
    <subfield code="d">1466 - 1536</subfield>
    <subfield code="9">590</subfield>
  </datafield>
  <datafield tag="240" ind1=" " ind2=" ">
    <subfield code="a">Das Kapital. Kritik der politischen Oekonomie. ; Encomium Moriae</subfield>
  </datafield>
  <datafield tag="245" ind1=" " ind2=" ">
    <subfield code="a">O Capital  /</subfield>
    <subfield code="c">Marx, Karl -</subfield>
  </datafield>
  <datafield tag="245" ind1=" " ind2=" ">
    <subfield code="a"> Elogio da loucura /</subfield>
    <subfield code="c">Roterd&#xE3;, Erasmo de</subfield>
  </datafield>
  <datafield tag="260" ind1=" " ind2=" ">
    <subfield code="a">Esp&#xED;rito Santo</subfield>
    <subfield code="b">Formar</subfield>
    <subfield code="c">1978</subfield>
  </datafield>
  <datafield tag="300" ind1=" " ind2=" ">
    <subfield code="a">114 p.</subfield>
    <subfield code="b">O Capital </subfield>
  </datafield>
  <datafield tag="300" ind1=" " ind2=" ">
    <subfield code="a">110 p.</subfield>
    <subfield code="b">Elogio da loucura</subfield>
  </datafield>
  <datafield tag="490" ind1="1" ind2=" ">
    <subfield code="a">Grandes Mestres do Pensamento</subfield>
    <subfield code="v">Livro 6</subfield>
  </datafield>
  <datafield tag="490" ind1="1" ind2=" ">
    <subfield code="a">Grandes Mestres do Pensamento</subfield>
    <subfield code="v">Livro 7</subfield>
  </datafield>
  <datafield tag="500" ind1=" " ind2=" ">
    <subfield code="a">Volume 6 e 7 da Cole&#xE7;&#xE3;o "Grande Mestres do Pensamentos".</subfield>
  </datafield>
  <datafield tag="520" ind1=" " ind2=" ">
    <subfield code="a">Na lista dos grandes pensadores modernos do Ocidente, fatalmente se encontra o nome de Karl Marx. O Capital &#xE9; o seu trabalho mais ambicioso, o que custou a ele mais de 20 anos de estudo e prepara&#xE7;&#xE3;o. O resultado &#xE9; que O Capital, hoje, mais de um s&#xE9;culo ap&#xF3;s sua conclus&#xE3;o, est&#xE1; presente nos mais diferentes espa&#xE7;os do estudo social e econ&#xF4;mico.

O Capital &#x2013; Extratos por Paul Lafargue (autor do cl&#xE1;ssico Direito &#xE0; Pregui&#xE7;a) &#xE9; a compila&#xE7;&#xE3;o dos trechos essenciais da obra de Karl Marx sobre o funcionamento do capitalismo, com o objetivo de facilitar o entendimento sem perder sua profundidade.Uma edi&#xE7;&#xE3;o elogiada pelo pr&#xF3;prio Marx.</subfield>
  </datafield>
  <datafield tag="520" ind1=" " ind2=" ">
    <subfield code="a">O mundo em que vivemos &#xE9; louco. Muito mais louco do que pensamos. Totalmente louco. N&#xE3;o tem mais rem&#xE9;dio. Ali&#xE1;s, se houvesse rem&#xE9;dio, o mais salutar seria a pr&#xF3;pria loucura, o &#xFA;nico bem supremo. Assim fala Erasmo de Rotterdam neste livro que, do inicio ao fim, &#xE9; uma s&#xE1;tira mordaz, mas inteligente, da sociedade do s&#xE9;culo XVI. A loucura domina o mundo. Loucura por dinheiro, loucura pelo poder, loucura pelo saber, loucura at&#xE9; pela religi&#xE3;o. A felicidade suprema do homem est&#xE1; nas loucuras que comete, na transforma&#xE7;&#xE3;o da loucura em divindade que guia todos os seus passos. Erasmo, mente privilegiada, perspicaz, corajosa, escreveu para o homem do s&#xE9;culo XVI, mas parece que, quase como um profeta, pretendia mesmo dizer que o verdadeiro imp&#xE9;rio da Loucura atingiria seu auge no final do s&#xE9;culo XX e in&#xED;cio do s&#xE9;culo XXI.</subfield>
  </datafield>
  <datafield tag="650" ind1=" " ind2="0">
    <subfield code="a">Literatura Alem&#xE3;</subfield>
    <subfield code="9">365</subfield>
  </datafield>
  <datafield tag="650" ind1=" " ind2="0">
    <subfield code="a">Marxismo</subfield>
    <subfield code="9">591</subfield>
  </datafield>
  <datafield tag="650" ind1=" " ind2="0">
    <subfield code="a">Comunismo</subfield>
    <subfield code="9">592</subfield>
  </datafield>
  <datafield tag="650" ind1=" " ind2="0">
    <subfield code="a">Literatura holandesa</subfield>
    <subfield code="9">593</subfield>
  </datafield>
  <datafield tag="650" ind1=" " ind2="0">
    <subfield code="a">Humanismo</subfield>
    <subfield code="9">594</subfield>
  </datafield>
  <datafield tag="650" ind1=" " ind2="0">
    <subfield code="a">Sociologia</subfield>
    <subfield code="9">595</subfield>
  </datafield>
  <datafield tag="655" ind1=" " ind2="0">
    <subfield code="a">Ensaio</subfield>
    <subfield code="9">417</subfield>
  </datafield>
  <datafield tag="655" ind1=" " ind2="0">
    <subfield code="a">N&#xE3;o Fic&#xE7;&#xE3;o</subfield>
    <subfield code="9">102</subfield>
  </datafield>
  <datafield tag="830" ind1=" " ind2=" ">
    <subfield code="a">Grandes Mestres do Pensamento</subfield>
    <subfield code="v">vol. 6</subfield>
    <subfield code="9">596</subfield>
  </datafield>
  <datafield tag="830" ind1=" " ind2=" ">
    <subfield code="a">Grandes Mestres do Pensamento</subfield>
    <subfield code="v">vol. 7</subfield>
    <subfield code="9">596</subfield>
  </datafield>
  <datafield tag="942" ind1=" " ind2=" ">
    <subfield code="2">ddc</subfield>
    <subfield code="c">BK</subfield>
  </datafield>
  <datafield tag="952" ind1=" " ind2=" ">
    <subfield code="0">0</subfield>
    <subfield code="1">0</subfield>
    <subfield code="2">ddc</subfield>
    <subfield code="3">vol. 06 e 07</subfield>
    <subfield code="4">0</subfield>
    <subfield code="7">0</subfield>
    <subfield code="8">NFIC</subfield>
    <subfield code="a">BIBIB</subfield>
    <subfield code="b">BIBIB</subfield>
    <subfield code="c">PF</subfield>
    <subfield code="d">2025-03-21</subfield>
    <subfield code="e">doa&#xE7;&#xE3;o</subfield>
    <subfield code="l">0</subfield>
    <subfield code="o">320.531 /  M392c - 144 /  R843e</subfield>
    <subfield code="p">2025-17254</subfield>
    <subfield code="r">2025-03-21 09:24:27</subfield>
    <subfield code="w">2025-03-21</subfield>
    <subfield code="y">BK</subfield>
  </datafield>
  <datafield tag="999" ind1=" " ind2=" ">
    <subfield code="c">303</subfield>
    <subfield code="d">303</subfield>
  </datafield>
</record>
